000 01245cam a22003377a 4500
003 CHAP
005 20220329141438.0
008 971013s1988 r 00010 d
010 _a68234
011 _a69206
035 _a78681
040 _cCHAP
090 _aTesis
100 0 0 _aHernández Morales, Javier.
_954375
245 0 _aEstudio de la interacción entre Phytophthora parasitica Dastur y Meloidogyne sp. en la 'pata prieta de la jamaica (Hibiscus sabdarifla L.) e histopatología de ambos patógenos
260 _aChapingo, Méx. :
_bEl autor,
_c1988
300 _a75 h.
502 _aTesis (Maestro en ciencias esp. en Fitopatología) -- CP. Centro de Fitopatología
590 _aALEPH
_b10
_c20130110
_lUCH01
_h1404
590 _aBATCH-UPD
_b10
_c20130110
_lUCH01
_h1619
590 _aBATCH-UPD
_b10
_c20130410
_lUCH01
_h1014
590 _aBATCH-UPD
_b10
_c20130914
_lUCH01
_h1701
590 _aCONVERSION
_b10
_c20130109
_lUCH01
_h1337
650 1 4 _aJamaica
_xEnfermedades por hongos.
_960990
650 1 4 _aMeloidogyne arenaria.
_974429
650 1 4 _aPhytophthora parasitica.
_987928
901 _aBK
942 _cFOLL
949 _bBC
_cTES
_d-31556
_eTS1
_h20390
_i78681
_si
949 _bBC
_cTES
_d-93472
_eTS2
_fc.2
_h20391
_i78681
_si
999 _c68234
_d68234